RMS Titanic- Witnesses to the iceberg hit - Statistics

General Stats
  • This quiz has been taken 35 times
  • The average score is 3 of 5
Answer Stats
Position Fate Answer % Correct
First Officer Went down with the ship William Murdoch
100%
Sixth Officer Went down with the ship James Moody
81%
Lookout Boarded Lifeboat No. 6 Frederick Fleet
66%
Lookout Boarded Lifeboat No. 13 Reginald Lee
44%
Quartermaster Boarded Lifeboat No. 6 Robert Hichens
31%
No matching quizzes found
Score Distribution
Percent of People with Each Score
Percentile by Number Answered
Your Score History
You have not taken this quiz